Hotel housekeeping: Operations and management. (Record no. 15408)

MARC details
000 -LEADER
fixed length control field 00501nam a2200181Ia 4500
008 - FIXED-LENGTH DATA ELEMENTS--GENERAL INFORMATION
fixed length control field 230917s9999||||xx |||||||||||||| ||und||
020 ## - ISBN
Price RS625
040 ## - CATALOGING SOURCE
-- 227335
Original cataloging agency VIVEKANANDA LIBRARY
041 ## - Language
-- English
082 ## - DDC NUMBER
Classification number 647.94 R126H(3)
100 ## - MAIN ENTRY--PERSONAL NAME
Personal name Raghubalan, G
245 #0 - TITLE STATEMENT
Title Hotel housekeeping: Operations and management.
250 ## - EDITION STATEMENT
Edition statement 3rd ed.
260 ## - PUBLICATION, DISTRIBUTION, ETC. (IMPRINT)
Place of publication, distribution, etc New Delhi
Name of publisher, distributor, etc Oxford University Press
Date of publication, distribution, etc 2015
300 ## - PHYSICAL DESCRIPTION
Pages xx, 790 p.
500 ## - GENERAL NOTE
General note 2070 07/08/2015 HBD15/6463 14/08/2015 Main Budget
942 ## - ADDED ENTRY ELEMENTS (KOHA)
Koha item type Books
Holdings
Withdrawn status Lost status Damaged status Not for loan Location (home branch) Sublocation or collection (holding branch) Shelving location Date acquired Koha issues (times borrowed) Koha full call number Accession No. Koha date last seen Koha item type
        VIVEKANANDA LIBRARY VIVEKANANDA LIBRARY IHTM Library 11/10/2015 3 647.94 R126H(3) 339860 26/12/2025 Books
        VIVEKANANDA LIBRARY VIVEKANANDA LIBRARY IHTM Library 11/10/2015 4 647.94 R126H(3) 339861 04/03/2025 Books
        VIVEKANANDA LIBRARY VIVEKANANDA LIBRARY IHTM Library 11/10/2015 5 647.94 R126H(3) 339862 06/02/2025 Books
        VIVEKANANDA LIBRARY VIVEKANANDA LIBRARY IHTM Library 11/10/2015 1 647.94 R126H(3) 357013 14/10/2023 Books
        VIVEKANANDA LIBRARY VIVEKANANDA LIBRARY IHTM Library 11/10/2015 4 647.94 R126H(3) 357014 26/12/2024 Books
        VIVEKANANDA LIBRARY VIVEKANANDA LIBRARY IHTM Library 11/10/2015 17 647.94 R126H(3) 357015 10/04/2026 Books
        VIVEKANANDA LIBRARY VIVEKANANDA LIBRARY IHTM Library 11/10/2015 1 647.94 R126H(3) 357016 14/10/2023 Books
        VIVEKANANDA LIBRARY VIVEKANANDA LIBRARY IHTM Library 11/10/2015 3 647.94 R126H(3) 357017 26/12/2024 Books
        VIVEKANANDA LIBRARY VIVEKANANDA LIBRARY IHTM Library 11/10/2015 8 647.94 R126H(3) 361022 15/04/2025 Books
        VIVEKANANDA LIBRARY VIVEKANANDA LIBRARY IHTM Library 11/10/2015 1 647.94 R126H(3) 361023 14/10/2023 Books
© Designed and Maintained by Vivekananda Library, MDU Rohtak